| 000 | 00864nam a2200205Ia 4500 | ||
|---|---|---|---|
| 003 | IN-BaIIA | ||
| 008 | 211028s9999 xx 000 0 eng d | ||
| 020 | _a0-7923-3930-4 | ||
| 040 | _cIIA Library | ||
| 080 |
_a523.4(082.2) _bWOR |
||
| 111 |
_aMeeting on Mall Bodies in the Solar System and their Interactions with the Planets _cFinland _d1994 Aug. 8-12 _922332 |
||
| 245 | 0 |
_aWorlds in interaction _bproceedings of the meeting, small bodies in the solar system and their interactions with the planets held in Mariehamn, Finland, 8-12 Aug 1994 _cedited by H. Rickman and M. J. Valtonen |
|
| 260 |
_aDordrecht _bKluwer Academic _c1996 |
||
| 300 | _axx, 508p. | ||
| 650 |
_aPlanets _9971 |
||
| 650 | _aSolar system | ||
| 700 |
_aRickman, H., ed _922333 |
||
| 700 |
_aValtonen, M. J., ed. _915752 |
||
| 942 | _cBK | ||
| 999 |
_c12755 _d12755 |
||